Normal view
MARC view
- Hindutva
Entry Topical Term
001 - CONTROL NUMBER
- control field: 91063
003 - CONTROL NUMBER IDENTIFIER
- control field: NUST
005 - DATE AND TIME OF LATEST TRANSACTION
- control field: 20220420110035.0
008 - FIXED-LENGTH DATA ELEMENTS
- fixed length control field: 220420|| aca||aabn | a|a d
040 ## - CATALOGING SOURCE
- Original cataloging agency: NUST
- Transcribing agency: NUST
150 ## - HEADING--TOPICAL TERM
- Topical term or geographic name entry element: Hindutva
- Geographic subdivision: India
670 ## - SOURCE DATA FOUND
- Source citation: Work cat.: (NUST): Roy, Arundhati. 12936, Listening to grass-hoppers :, 2009.
